00311nam a2200097Ia 4500082002000000245005300020260005200073300000900125440006300134700001600197 aRR 016.3395 AGR 0aAgriculture and industry in economic development aOxfordbCommonwealth Agricultural Bureauxc1973 a16p. aCommonwealth Bureau of Agricul. Eco. Annnotated Bib; no 18 aJones, E.A.